Départements français dans l'ordre des numéros - Statistiques

Statistiques générales
  • Ce quiz a été pris 1 531 fois
  • Le résultat moyen est 58 sur 101
Statistiques - réponses
Hint Réponse % Correct
1 Ain
98%
2 Aisne
90%
3 Allier
84%
6 Alpes-Maritimes
79%
10 Aube
79%
11 Aude
79%
7 Ardèche
77%
5 Hautes-Alpes
77%
4 Alpes-de-Haute-Provence
76%
13 Bouches-du-Rhône
75%
9 Ariège
74%
2A Corse-du-Sud
73%
2B Haute-Corse
73%
8 Ardennes
72%
12 Aveyron
72%
14 Calvados
70%
42 Loire
70%
15 Cantal
69%
19 Corrèze
68%
29 Finistère
68%
16 Charente
67%
17 Charente-Maritime
65%
22 Côtes-d'Armor
65%
18 Cher
64%
21 Côte-d'Or
63%
23 Creuse
63%
25 Doubs
63%
27 Eure
63%
33 Gironde
63%
45 Loiret
63%
30 Gard
62%
38 Isère
62%
24 Dordogne
61%
34 Hérault
61%
36 Indre
61%
75 Paris
61%
26 Drôme
60%
28 Eure-et-Loir
60%
32 Gers
60%
31 Haute-Garonne
60%
37 Indre-et-Loire
60%
44 Loire-Atlantique
60%
59 Nord
59%
43 Haute-Loire
58%
41 Loir-et-Cher
58%
51 Marne
57%
39 Jura
56%
54 Meurthe-et-Moselle
56%
93 Seine-Saint-Denis
56%
35 Ille-et-Vilaine
55%
974 La Réunion
55%
46 Lot
55%
972 Martinique
55%
60 Oise
55%
78 Yvelines
55%
67 Bas-Rhin
54%
971 Guadeloupe
54%
40 Landes
54%
57 Moselle
54%
69 Rhône
54%
68 Haut-Rhin
53%
47 Lot-et-Garonne
53%
55 Meuse
53%
62 Pas-de-Calais
53%
973 Guyane
52%
52 Haute-Marne
52%
50 Manche
52%
976 Mayotte
52%
56 Morbihan
52%
73 Savoie
51%
74 Haute-Savoie
50%
64 Pyrénées-Atlantiques
50%
66 Pyrénées-Orientales
50%
77 Seine-et-Marne
50%
53 Mayenne
49%
58 Nièvre
49%
65 Hautes-Pyrénées
48%
92 Hauts-de-Seine
48%
48 Lozère
48%
61 Orne
48%
63 Puy-de-Dôme
48%
94 Val-de-Marne
48%
95 Val-d'Oise
48%
83 Var
48%
91 Essonne
47%
49 Maine-et-Loire
47%
71 Saône-et-Loire
47%
76 Seine-Maritime
46%
81 Tarn
46%
84 Vaucluse
46%
90 Territoire de Belfort
45%
72 Sarthe
44%
80 Somme
44%
82 Tarn-et-Garonne
44%
70 Haute-Saône
43%
85 Vendée
43%
86 Vienne
43%
88 Vosges
42%
89 Yonne
42%
87 Haute-Vienne
41%
79 Deux-Sèvres
37%
Aucun quiz correspondant
Distribution des résultats
% des personnes avec chaque résultat
Percentile par nombre de réponses
Votre historique - résultats
Vous n’avez pas pris ce quiz